Southville International School and Colleges
Your cart is empty.
  • Cart
  • Lists
    Public lists Eva Luna New books Lux_list list_1
    Your lists Log in to create your own lists
  • Log in to your account
  • Your cookies
  • Search history
Southville International School and Colleges
  • Advanced search
  • Recent comments
  • Most popular
  • Libraries

Log in to your account

Log in with GOOGLE


If you do not have an external account, but do have a local account, you can still log in:

  1. Home
  2. MARC view: Responding to the call of justice and love :
Normal view MARC view ISBD view

Responding to the call of justice and love : (Record no. 345452)

[ view plain ]
MARC details
000 -LEADER
fixed length control field 00627nam a2200229Ia 4500
008 - FIXED-LENGTH DATA ELEMENTS--GENERAL INFORMATION
fixed length control field 171120s9999 xx 000 0 und d
020 ## - INTERNATIONAL STANDARD BOOK NUMBER
International Standard Book Number 9710862138
050 ## - LIBRARY OF CONGRESS CALL NUMBER
Classification number 260
050 ## - LIBRARY OF CONGRESS CALL NUMBER
Item number B523 2006
100 ## - MAIN ENTRY--PERSONAL NAME
Personal name Bernardo, Henry
245 ## - TITLE STATEMENT
Title Responding to the call of justice and love :
245 ## - TITLE STATEMENT
Remainder of title an introduction to the social teaching of the Catholic church /
245 ## - TITLE STATEMENT
Statement of responsibility, etc by Henry Bernardo.
260 ## - PUBLICATION, DISTRIBUTION, ETC. (IMPRINT)
Place of publication, distribution, etc Philippines :
260 ## - PUBLICATION, DISTRIBUTION, ETC. (IMPRINT)
Name of publisher, distributor, etc National Book Store,
260 ## - PUBLICATION, DISTRIBUTION, ETC. (IMPRINT)
Date of publication, distribution, etc 2006
300 ## - PHYSICAL DESCRIPTION
Extent 292 pages :
300 ## - PHYSICAL DESCRIPTION
Other physical details illustrations ;
300 ## - PHYSICAL DESCRIPTION
Dimensions 22cm.
650 ## - SUBJECT ADDED ENTRY--TOPICAL TERM
Topical term or geographic name as entry element Christian social theology.
700 ## - ADDED ENTRY--PERSONAL NAME
Personal name Title.
Holdings
Withdrawn status Lost status Damaged status Home library Current library Date acquired Total Checkouts Full call number Barcode Date last seen Price effective from Koha item type
      Stonyhurst Southville International School (Malarayat) Stonyhurst Southville International School (Malarayat) 11/20/2017   REL 260 B523 2006 SSISM4496 11/20/2017 11/20/2017 Books

Responding to the call of justice and love :

APA

Bernardo H., Title, .Responding to the call of justice and love. Philippines: .

Chicago

Bernardo Henry, Title, .Responding to the call of justice and love. Philippines: .

Harvard

Bernardo H., Title, .Responding to the call of justice and love. Philippines: .

MLA

Bernardo Henry, Title, .Philippines: . .

  • Place hold
  • Print
  • Cite
  • Add to your cart (remove)
  • Save record
    BIBTEX Dublin Core MARCXML MARC (non-Unicode/MARC-8) MARC (Unicode/UTF-8) MARC (Unicode/UTF-8, Standard) MODS (XML) RIS
  • More searches
    Search for this title in:
    Other Libraries (WorldCat) Other Databases (Google Scholar) Online Stores (Bookfinder.com) Open Library (openlibrary.org)

Exporting to Dublin Core...

SOUTHVILLE LIBRARY

Southville International School and Colleges Library

1281 Tropical Ave. Cor. Luxembourg St., BF Homes International, Las Pinas City

Tel. No. 8256374 / 252358 Loc. 117/146

Powered by Koha